İttihad ve Terakki içinde dönenler / (Record no. 200429181)

MARC details
000 -LEADER
fixed length control field 00942nam a2200301uu 4500
001 - CONTROL NUMBER
control field 200429181
003 - CONTROL NUMBER IDENTIFIER
control field TR-AnTOB
005 - DATE AND TIME OF LATEST TRANSACTION
control field 20240719153105.0
007 - PHYSICAL DESCRIPTION FIXED FIELD--GENERAL INFORMATION
fixed length control field ta
008 - FIXED-LENGTH DATA ELEMENTS--GENERAL INFORMATION
fixed length control field 031223s1960 tu tur
040 ## - CATALOGING SOURCE
Original cataloging agency TR-AnTOB
Language of cataloging eng
Description conventions rda
Transcribing agency TR-AnTOB
041 0# - LANGUAGE CODE
Language code of text/sound track or separate title Türkçe
050 00 - LIBRARY OF CONGRESS CALL NUMBER
Classification number DR584.5
Item number .V37 2003
090 ## - LOCALLY ASSIGNED LC-TYPE CALL NUMBER (OCLC); LOCAL CALL NUMBER (RLIN)
Classification number (OCLC) (R) ; Classification number, CALL (RLIN) (NR) DR584.5
Local cutter number (OCLC) ; Book number/undivided call number, CALL (RLIN) .V37 2003
100 1# - MAIN ENTRY--PERSONAL NAME
Personal name Vardar, Galip,
Dates associated with a name 1958-
9 (RLIN) 119336
245 10 - TITLE STATEMENT
Title İttihad ve Terakki içinde dönenler /
Statement of responsibility, etc. Galip Vardar ; Yazan Samih Nafiz Tansu.
264 #1 - PRODUCTION, PUBLICATION, DISTRIBUTION, MANUFACTURE, AND COPYRIGHT NOTICE
Place of production, publication, distribution, manufacture İstanbul:
Name of producer, publisher, distributor, manufacturer İnkılap Kitabevi,
Date of production, publication, distribution, manufacture, or copyright notice 1960.
300 ## - PHYSICAL DESCRIPTION
Extent 413 pages :
Other physical details ports. ;
Dimensions 21 cm.
336 ## - CONTENT TYPE
Source rdacontent
Content type term text
Content type code txt
337 ## - MEDIA TYPE
Source rdamedia
Media type term unmediated
Media type code n
338 ## - CARRIER TYPE
Source rdacarrier
Carrier type term volume
Carrier type code nc
500 ## - GENERAL NOTE
General note Previously serialized in the newspaper Yeni
General note Sabah
610 20 - SUBJECT ADDED ENTRY--CORPORATE NAME
Corporate name or jurisdiction name as entry element İttihat ve Terakki Cemiyeti
9 (RLIN) 39328
Corporate name or jurisdiction name as entry element İttihat ve Terakki Cemiyeti
General subdivision Tarih
9 (RLIN) 114473
942 ## - ADDED ENTRY ELEMENTS (KOHA)
Source of classification or shelving scheme Library of Congress Classification
Koha item type Book
Holdings
Withdrawn status Lost status Source of classification or shelving scheme Damaged status Not for loan Collection code Home library Current library Shelving location Date acquired Source of acquisition Inventory number Total Checkouts Full call number Barcode Date last seen Date last checked out Date shelved Koha item type
    Library of Congress Classification Yeni / New Ödünç Verilebilir / Available Genel Koleksiyon Merkez Kütüphane Merkez Kütüphane Genel Koleksiyon / Main Collection 21/03/2018 Bağış / Donation TAR 1 DR584.5 .V37 2003 0056180 30/09/2025 11/09/2025 23/03/2018 Book
Devinim Yazılım Eğitim Danışmanlık tarafından Koha'nın orjinal sürümü uyarlanarak geliştirilip kurulmuştur.